| 000 | 00664nam a22002297a 4500 | ||
|---|---|---|---|
| 999 |
_c1252 _d1252 |
||
| 001 | 10518 | ||
| 003 | BD-DhUAP | ||
| 005 | 20200204123138.0 | ||
| 008 | 100420r20072010bg d 000 0 eng d | ||
| 020 | _a9843230108 | ||
| 040 |
_aBD-DhAAL _cBD-DhAAL _dBD-DhUAP _bEng |
||
| 082 | 0 | 0 |
_223 _a342.4273 KAR |
| 100 | 1 | _aKarim, Md. Rezaul. | |
| 245 | 1 | 0 |
_aConstitutional law of UK & USA / _cMd. Rezaul Karim. |
| 250 | _a2nd ed. | ||
| 260 |
_aDhaka : _bCity Law Books, _c2007 [Reprinted 2010]. |
||
| 300 |
_a[14], 272 pages ; _c22 cm. |
||
| 650 | 0 |
_aConstitutional Law _zUK _zUSA |
|
| 942 |
_2ddc _cBK |
||